000 01315nam2a22002291 4500
001 rc\142489
005 20250612174833.0
035 _a(NLR Aleph) 008762588
090 _a7874501
_c7874501
100 _a20030307d1994 |||y0rusy50 ca
101 0 _arus
102 _aRU
105 _aa |||||||||
200 1 _aНевельский район, Усвятский район
_fАдминистрации Невел., Усвят. р-нов
210 _d1994
_aБ. м.
215 _a543 с.
_cил.
461 0 _1001rc\142483
_12001#$aКнига Памяти. Псковская область$eИст.-докум. хроника$eК 50-летию Победы сов. народа в Великой Отеч. войне$fОбл. Совет нар. депутатов и др.$g[Гл. ред. Н.П. Корнеев]$v[Т. 6]
_97921846
_cПсков
_d1993-
_fОбл. Совет нар. депутатов и др.
_nИзд-во Орг.-метод. центра по подгот. обл. Кн. Памяти
_oИст.-докум. хроника : К 50-летию Победы сов. народа в Великой Отеч. войне
_tКнига Памяти. Псковская область
_v[Т. 6]
801 0 _aRU
_bNLR
_gpsbo
801 1 _aRU
_bELAR
_2rusmarc
852 _aNLR
_bС
_jК-2/6050
942 _cBOOK
980 _aNB